[Event "ESP-ch U12 Rapid"]
[Site "Salobrena"]
[Date "2022.07.16"]
[Round "4"]
[White "De Francisco Gracia, Diego"]
[Black "Perea Fruet, Federico"]
[Result "0-1"]
[WhiteElo "1302"]
[BlackElo "1398"]
[PlyCount "92"]
[EventDate "2022.07.09"]
[EventType "swiss (rapid)"]
[EventRounds "9"]
[EventCountry "ESP"]
[SourceTitle "EXT 2023"]
[Source "ChessBase"]
[SourceDate "2022.10.05"]
[SourceVersion "1"]
[SourceVersionDate "2022.10.05"]
[SourceQuality "1"]

1. e4 c5 2. c3 d5 3. exd5 Qxd5 4. d4 Nc6 5. Nf3 e5 6. dxe5 Qxd1+ 7. Kxd1 Bg4 8. Be2 0-0-0+ 9. Kc2 Nge7 10. Re1 Bf5+ 11. Kb3 a6 12. a4 Na5+ 13. Ka3 c4 14. Nbd2 Nec6+ 15. Ka2 Be7 16. Nxc4 Be6 17. b3 Nxb3 18. Kxb3 Na5+ 19. Kc2 Nxc4 20. Bxc4 Bxc4 21. Ba3 Bd3+ 22. Kc1 Bxa3+ 23. Rxa3 Rhe8 24. Re3 Bg6 25. c4 Rd7 26. Ra2 Rc7 27. Rc3 Bh5 28. Re2 Re6 29. Ree3 Bxf3 30. gxf3 Rec6 31. Re4 b5 32. axb5 axb5 33. Kd2 bxc4 34. Ke3 Kd7 35. Rd4+ Ke7 36. h4 g6 37. Kf4 h6 38. Kg4 h5+ 39. Kg5 Rc5 40. f4 R7c6 41. Re4 Kf8 42. Kh6 Ke7 43. Kg7 Rc8 44. Rd4 R5c6 45. Rd6 Rxd6 46. exd6+ Kxd6 0-1